| 000 | 00711nam a2200217 a 4500 | ||
|---|---|---|---|
| 001 | sa 65007530 | ||
| 003 | DLC | ||
| 005 | 20260227112149.0 | ||
| 008 | 970916s1964 ii b b 000 0 hin | ||
| 010 | _asa 65007530 | ||
| 040 |
_aDLC _cDLC |
||
| 050 | 0 | 0 |
_aR127.2 _b.V53 |
| 100 | 0 |
_aVidyalankar, Atrideva, _d1902- |
|
| 245 | 1 | 0 |
_aCaraka saṃhitā kā sāṃskr̥tika anuśīlana / _cprastutakartā Atrideva Vidyalaṅkāra. |
| 250 | _a1. saṃskaraṇa. | ||
| 260 |
_aVārāṇasī : _bŚānti Prakāśana, _c[1964] |
||
| 300 |
_a11, 208 p. : _bmaps ; _c19 cm. |
||
| 546 | _aIn Hindia. | ||
| 504 | _aIncludes bibliographical references (p. [295]-298) | ||
| 650 | 0 |
_aMedicine, Ayurvedic _yEarly works to 1800. |
|
| 999 |
_c65184 _d65184 |
||